000 00519nam a2200157Ii 4500
040 _cOSU
082 _a333 FIS 1978 A089 Or.
100 1 _aRicker, William Edwin
245 1 0 _aComputation and interpretation of biological statistics of fish populations /
260 _aOttawa :
_bFisheries and Marine Service,
_cc1978
300 _axviii, 382 p. :
_bill. ;
_c26 cm
490 1 _aBulletin of the Fisheries Research Board of Canada ; 191
500 _aReprint of the 1975 ed
650 0 _aFish populations
942 _cEK
999 _c16195
_d16195